|
|
|
|
| LEADER |
00000naa2a2200000 4500 |
| 001 |
607675 |
| 005 |
20260312091323.0 |
| 035 |
|
|
|a (RuTPU)RU\TPU\conf\5081
|
| 035 |
|
|
|a RU\TPU\conf\4575
|
| 090 |
|
|
|a 607675
|
| 100 |
|
|
|a 20140827d2014 k y0rusy50 ca
|
| 101 |
0 |
|
|a rus
|
| 102 |
|
|
|a RU
|
| 135 |
|
|
|a drcn ---uucaa
|
| 181 |
|
0 |
|a i
|
| 182 |
|
0 |
|a b
|
| 200 |
1 |
|
|a Модель стратегического планирования на предприятии с процессным подходом к управлению
|f М. Ю. Катаев, В. А. Емельяненко, М. А. Пономарева
|
| 203 |
|
|
|a Текст
|c электронный
|
| 215 |
|
|
|a 1 файл (465 Кб)
|
| 225 |
1 |
|
|a Автоматизация и информатизация, экономика и менеджмент на предприятии
|
| 300 |
|
|
|a Заглавие с титульного листа.
|
| 320 |
|
|
|a [Библиогр.: с. 42 (10 назв.)]
|
| 337 |
|
|
|a Adobe Reader
|
| 461 |
|
1 |
|0 (RuTPU)RU\TPU\conf\4003
|t Инновационные технологии и экономика в машиностроении
|o сборник трудов V Международной научно-практической конференции, г. Юрга, 22-23 мая 2014 г.
|o в 2 т.
|f Национальный исследовательский Томский политехнический университет (ТПУ), Юргинский технологический институт (ЮТИ) ; под ред. Д. А. Чинахова
|d 2014
|
| 463 |
|
1 |
|0 (RuTPU)RU\TPU\conf\4014
|t Т. 2
|v [С. 36-42]
|d 2014
|
| 610 |
1 |
|
|a труды учёных ТПУ
|
| 610 |
1 |
|
|a электронный ресурс
|
| 610 |
1 |
|
|a стратегическое планирование
|
| 610 |
1 |
|
|a планирование
|
| 610 |
1 |
|
|a предприятия
|
| 610 |
1 |
|
|a процессный подход
|
| 610 |
1 |
|
|a управление
|
| 610 |
1 |
|
|a рыночная экономика
|
| 610 |
1 |
|
|a производственная деятельность
|
| 700 |
|
1 |
|a Катаев
|b М. Ю.
|c специалист в области информатики и вычислительной техники
|c профессор Юргинского технологического института Томского политехнического университета, доктор технических наук
|f 1961-
|g Михаил Юрьевич
|3 (RuTPU)RU\TPU\pers\32571
|9 16492
|
| 701 |
|
1 |
|a Емельяненко
|b В. А.
|
| 701 |
|
1 |
|a Пономарева
|b М. А.
|
| 712 |
0 |
2 |
|a Национальный исследовательский Томский политехнический университет (ТПУ)
|b Юргинский технологический институт (филиал) (ЮТИ)
|b Кафедра информационных систем (ИС)
|3 (RuTPU)RU\TPU\col\18893
|
| 801 |
|
2 |
|a RU
|b 63413507
|c 20140827
|g RCR
|
| 856 |
4 |
|
|u http://www.lib.tpu.ru/fulltext/c/2014/C30/V2/007.pdf
|
| 942 |
|
|
|c BK
|